000
00261nam a2200133Ia 4500
100
_a
CIMI
942
_c
BK
366
_f
20
245
_a
Electrician-ist year-assignment-test.
260
_b
CIMI
_a
Chennai
300
_a
186
546
_a
ENGLISH
999
_c
34008
_d
34008